000
00346 a2200169 4500
001
175080
020
_a
85-08-02408-8
040
_c
Magnum
100
_a
França, Mary
240
1
0
_a
A galinha choca
_l
por
245
1
0
_a
A galinha choca
300
_a
16
362
0
_a
1997
440
1
_a
Ática
697
_a
LITERATURA INFANTIL
942
_c
BK
999
_c
175080
_d
175080